Rick and Morty Episode Titles Quiz Stats

Quiz not verified by Sporcle

Challenge
Share
Tweet
Embed
Score 0/21 Timer 05:00
0 Plays Today
% Correct
Total Rickall
90.3%
Meeseeks and Destroy
89.3%
Ricksy Business
88.8%
Close Rick-Counters of the Rick Kind
88.5%
Anatomy Park
88.5%
Rixty Minutes
88.3%
Look Who's Purging Now
87.5%
A Rickle in Time
86.8%
Raising Gazorpazorp
86.5%
The Wedding Squanchers
86.5%
Interdimensional Cable 2: Tempting Fate
86%
% Correct
Rick Potion #9
84.5%
Auto Erotic Assimilation
83.2%
M. Night Shaym-Aliens!
82.2%
Big Trouble in Little Sanchez
81.9%
Get Schwifty
81.4%
Something Ricked This Way Comes
81.2%
Pilot
81.2%
Lawnmower Dog
80.7%
Mortynight Run
77.9%
The Ricks Must Be Crazy
74%

You're not logged in!

Compare scores with friends on all Sporcle quizzes.
Sign Up with Email
OR
Log In

You Might Also Like...

Show Comments

Extras

Top Quizzes Today


Score Distribution

Your Account Isn't Verified!

In order to create a playlist on Sporcle, you need to verify the email address you used during registration. Go to your Sporcle Settings to finish the process.

Report this User

Report this user for behavior that violates our Community Guidelines.

Details: